00413nam a22001337a 450000500170000000800410001704100130005808200120007110000130008324500400009626000870013630000300022365000260025320240604084504.0240604b |||||||| |||| 00| 0 eng d aEnglish  a349 LAW lEnglish  aThe Law Reports: Chancery Division  aLondon: bThe Incorporated Council of Law Reporting for England and Wales, c1941  bxvi, 514 pages; c25 cm.  aLegal practice bLaw